000 01129nam a22002897a 4500
999 _c99857
_d99857
005 20230317172612.0
010 _a1617EN ENG-136357 ENG-115084
020 _a9789339223359 (v.1)
_c500.00
020 _a9789339224240 (v.2)
_c535.00
020 _a9789339224240 (v.2)
_c535.00 (Ashok Vihar)
035 _aB-665144
035 _aEN-119889
037 _bABC
037 _bDBAD/PUB
_aEN-98616
082 _a657.48
100 _a Hanif, Mohammed
245 _aFinancial accounting /
_cBy Mohammed Hanif and Amitabha Mukherjee
250 _a3rd ed
260 _aNoida
_bMcGraw Hill Education
_c2016
270 _aB-4, Sector - 63, Gautam Budh Nagar,
_bNoida
_e201301
300 _a2V.(various pagings)
_c25cm(pbk)
500 _aIncludes index
700 _aMukherjee, Amitabha
942 _2ddc
_cEN
_mHAN
_h657.48